| 000 | 06330nam a2200433Ia 4500 | ||
|---|---|---|---|
| 003 | OSt | ||
| 005 | 20260615150307.0 | ||
| 008 | 2310s2022 ua a frm 000 0 und d | ||
| 040 |
_aEG-EULC _beng _cEG-EULC _dEG-EULC _erda |
||
| 041 | 0 |
_aeng _beng _bara |
|
| 049 | _aDeposit | ||
| 082 | _a616.3447 | ||
| 092 |
_a616.3447 _221 |
||
| 097 | _aM.Sc | ||
| 099 | _acai01.11.14.M.sc.2022.AY.C | ||
| 100 |
_aAyman Almabrouk Basher Alrabaa, _epreparation. |
||
| 245 | 2 |
_aA Comparison Study between Loop Ileostomy versus Loop Transverse Colostomy in Distal Colorectal / _cby Ayman Almabrouk Basher Alrabaa; Prof.Dr. Ismail Ahmed Shafiq, Prof.Dr. Abdrabou Nagdy Mashhour, Prof.Dr. Hytham Hassan Mohey Mahmoud. |
|
| 246 | _aدراسة مقارنة بين فغر اللفائفي الحلقي مقابل فغر القولون الحلقي المستعرض في انسداد القاصي القولون والمستقيم:تجارب مضبوطة عشوائيآ | ||
| 264 | 0 | _c2022. | |
| 300 |
_a83 p. : _billustrations _c25cm+. _eCD |
||
| 336 |
_2rda content _atext |
||
| 337 |
_2rdamedia _aUnmediated |
||
| 338 |
_2rdacarrier _avolume |
||
| 502 | _aThesis (M.Sc.)Cairo univsersity,2022. | ||
| 504 | _aBibliography: p. 68-83. | ||
| 520 | 3 | _aThis study aimed to compare the two groups regarding their preoperative assessment, their intraoperative finding and post-operative complications and various complication related to stoma complication and follow up postoperatively by CT scan pelvi-abdominal to detected any evidence of closed loop obstructed. This prospective randomized clinical study included 30 patients who presented to Kasr Al-Ainy emergency unit with distal colorectal obstruction. The study was conducted between May 2021 and November 2021. In conclusion the study showed: Loop ileostomy is significantly associated with higher prevalence of peristomal skin irritations. Loop transverse colostomy was commonly associated with higher prevalence of wound infection, stomal retraction and need for surgical re-intervention. There was no significant difference between both groups in terms hospital stay, mortality and ICU admission. CT scan is valuable tool in assessment of postoperative complications. | |
| 520 | 3 | _aالفغرة المعوية هي إجراء يتم إجراؤه بشكل شائع مع معدل عالٍ من المضاعفات. على الرغم من أن تكوين الفغرة المعوية هو إجراء ينقذ الحياة في إدارة العديد من حالات الجهاز الهضمي، إلا أن المراضة والوفيات المصاحبة له كانت موضوع العديد من الدراسات. أجريت هذه الدراسة لمقارنة انتشار المضاعفات المرتبطة بالفغرة والمضاعفات المحيطة بالجراحة الانعكاسية للفغرة للمرضى الذين يعانون من انسداد القولون والمستقيم القاصي والذين خضعوا لفغر اللفائفي الحلقي وفغر القولون المستعرض الحلقي. هدفت هذه الدراسة إلى مقارنة المجموعتين فيما يتعلق بتقييمهما قبل الجراحة، ونتائجهما أثناء العملية ومضاعفات ما بعد الجراحة والمضاعفات المختلفة المتعلقة بمضاعفات الفغرة ومتابعة ما بعد الجراحة عن طريق الأشعة المقطعية على الحوض والبطن للكشف عن أي دليل على وجود أنسداد الحلقة المغلقة. تضمنت هذه الدراسة السريرية العشوائية المرتقبة 30 مريضاً قدموا إلى وحدة طوارئ مستشفي القصر العيني بكلية الطب جامعة القاهرة يعانون من انسداد القولون والمستقيم القاصي. أجريت في الفترة ما بين مايو 2021 الي نوفمبر 2021. الفغرة المعوية هي إجراء يتم إجراؤه بشكل شائع مع معدل عالٍ من المضاعفات. على الرغم من أن تكوين الفغرة المعوية هو إجراء ينقذ الحياة في إدارة العديد من حالات الجهاز الهضمي، إلا أن المراضة والوفيات المصاحبة له كانت موضوع العديد من الدراسات. أجريت هذه الدراسة لمقارنة انتشار المضاعفات المرتبطة بالفغرة والمضاعفات المحيطة بالجراحة الانعكاسية للفغرة للمرضى الذين يعانون من انسداد القولون والمستقيم القاصي والذين خضعوا لفغر اللفائفي الحلقي وفغر القولون المستعرض الحلقي. هدفت هذه الدراسة إلى مقارنة المجموعتين فيما يتعلق بتقييمهما قبل الجراحة، ونتائجهما أثناء العملية ومضاعفات ما بعد الجراحة والمضاعفات المختلفة المتعلقة بمضاعفات الفغرة ومتابعة ما بعد الجراحة عن طريق الأشعة المقطعية على الحوض والبطن للكشف عن أي دليل على وجود أنسداد الحلقة المغلقة. تضمنت هذه الدراسة السريرية العشوائية المرتقبة 30 مريضاً قدموا إلى وحدة طوارئ مستشفي القصر العيني بكلية الطب جامعة القاهرة يعانون من انسداد القولون والمستقيم القاصي. أجريت في الفترة ما بين مايو 2021 الي نوفمبر 2021. | |
| 530 | _aIssues also as CD. | ||
| 546 | _aText in English and abstract in Arabic & English. | ||
| 650 | _aStoma types | ||
| 653 | _astoma complication | ||
| 700 |
_aIsmail Ahmed Shafiq _ethesis advisor. |
||
| 700 |
_aAbdrabou Nagdy Mashhour _ethesis advisor. |
||
| 700 |
_aHytham Hassan Mohey Mahmoud _ethesis advisor. |
||
| 900 |
_b01-01-2022 _cIsmail Ahmed Shafiq _cAbdrabou Nagdy Mashhour _cHytham Hassan Mohey Mahmoud _UCairo University _FFaculty of Medicine _DDepartment of General Surgery |
||
| 905 | _aShimaa | ||
| 942 |
_cTH _2ddc |
||
| 999 | _c163736 | ||